| 000 | 00000nas 2200000za 4500 |
|---|---|
| 001 | 9.506178 |
| 003 | CaOODSP |
| 005 | 20200427132935 |
| 007 | cr ||||||||||| |
| 008 | 150406c1999||||xxc|| p o||||f| |0eng|d |
| 022 | |a1701-1302 |
| 040 | |aCaOODSP|beng |
| 043 | |an-cn--- |
| 086 | 1 |aSE3-1E-PDF |
| 245 | 00|aCompendium of election administration in Canada |h[electronic resource]. |
| 260 | |aOttawa : |bElections Canada |
| 310 | |aAnnual |
| 362 | 1 |a1999- |
| 690 | 07|aElections|2gcpds |
| 710 | 2 |aElections Canada. |
| 775 | 08|tCompendium de l'administration électorale au Canada.|w(CaOODSP)9.502579 |